A report on social economic survey of west Khawlan Yemen Arab Republic (Record no. 56198)

MARC details
000 -LEADER
fixed length control field 00601nam a2200169 a 4500
008 - FIXED-LENGTH DATA ELEMENTS--GENERAL INFORMATION
fixed length control field 140916s1983 ||||||||||||||||| || u
050 ## - LIBRARY OF CONGRESS CALL NUMBER
Classification number FAO(02)1983/1
100 ## - MAIN ENTRY--PERSONAL NAME
Personal name Zaman, A
245 12 - TITLE STATEMENT
Title A report on social economic survey of west Khawlan Yemen Arab Republic
Statement of responsibility, etc. A. Zaman
260 ## - PUBLICATION, DISTRIBUTION, ETC.
Place of publication, distribution, etc. Rome
Date of publication, distribution, etc. 1983
300 ## - PHYSICAL DESCRIPTION
Extent iii, 135p.: ill.
650 ## - SUBJECT ADDED ENTRY--TOPICAL TERM
Topical term or geographic name entry element LABOUR
650 ## - SUBJECT ADDED ENTRY--TOPICAL TERM
Topical term or geographic name entry element DEVELOPMENT--PARTICIPATION
650 ## - SUBJECT ADDED ENTRY--TOPICAL TERM
Topical term or geographic name entry element RURAL DEVELOPMENT--EDUCATION
650 ## - SUBJECT ADDED ENTRY--TOPICAL TERM
Topical term or geographic name entry element EMPLOYMENT
995 ## - RECOMMENDATION 995 [LOCAL, UNIMARC FRANCE]
-- CBU-MAIN LIBRARY (Kitwe)
-- AVAILABLE
-- Sep 17, 2014
-- International Publications
Holdings
Withdrawn status Lost status Source of classification or shelving scheme Damaged status Not for loan Home library Current library Shelving location Date acquired Total Checkouts Full call number Barcode Date last seen Price effective from Koha item type
          CBU-MAIN LIBRARY, KITWE. CBU-MAIN LIBRARY, KITWE.   11/30/2022   FAO(02)1983/1 B1621 11/30/2022 11/30/2022 MONOGRAPH